[Личности в истории ВУЗа]; Томский политехник; Вып. 5

מידע ביבליוגרפי
Parent link:Томский политехник: ежегодный журнал/ Томский политехнический университет (ТПУ), Ассоциация выпускников.— , 1995-
Вып. 5.— 1999.— [С. 139-140]
סיכום:Заглавие с титульного листа
Электронная версия печатной публикации
שפה:רוסית
יצא לאור: 1999
סדרה:Личности в истории ВУЗа
נושאים:
גישה מקוונת:Черно-белая версия для предварительного просмотра
Цветная версия без потери качества
פורמט: MixedMaterials אלקטרוני Book Chapter
KOHA link:https://koha.lib.tpu.ru/cgi-bin/koha/opac-detail.pl?biblionumber=190462

MARC

LEADER 00000nla2a2200000 4500
001 190462
005 20231031175905.0
035 |a (RuTPU)RU\TPU\book\207517 
035 |a RU\TPU\book\207516 
090 |a 190462 
100 |a 20110121d1999 km y0rusy50 ca 
101 0 |a rus 
102 |a RU 
135 |a drnn ---uucaa 
181 0 |a i  
182 0 |a b 
200 1 |a [Личности в истории ВУЗа]  |b Электронный ресурс 
203 |a Текст  |c электронный 
215 |a 2 файла (526 Кб, 5.8 Мб) 
225 1 |a Личности в истории ВУЗа 
230 |a Электронные текстовые данные (2 файла : 526 Кб, 5.8 Мб) 
300 |a Заглавие с титульного листа 
300 |a Электронная версия печатной публикации 
337 |a Adobe Reader 
461 1 |0 (RuTPU)RU\TPU\book\202435  |t Томский политехник  |o ежегодный журнал  |f Томский политехнический университет (ТПУ), Ассоциация выпускников  |d 1995- 
463 1 |0 (RuTPU)RU\TPU\book\206998  |t Вып. 5  |v [С. 139-140]  |d 1999  |p 146 с. 
601 0 2 |a Томский технологический институт (ТТИ)  |c (1896-1923)  |2 stltpush  |3 (RuTPU)RU\TPU\col\9244 
601 0 2 |a Томский политехнический институт (ТПИ)  |c (1944-1991)  |2 stltpush  |3 (RuTPU)RU\TPU\col\1123 
601 0 2 |a Томский политехнический университет (ТПУ)  |c (1991-2009)  |2 stltpush  |3 (RuTPU)RU\TPU\col\376 
610 1 |a юбилеи 
610 1 |a личности 
610 1 |a история 
610 1 |a электронный ресурс 
801 1 |a RU  |b 63413507  |c 20101101 
801 2 |a RU  |b 63413507  |c 20110511  |g RCR 
856 4 |u http://www.lib.tpu.ru/fulltext/v/Tomsk_polytechnic/1999/N5a32_bw.pdf  |z Черно-белая версия для предварительного просмотра 
856 4 |u http://www.lib.tpu.ru/fulltext/v/Tomsk_polytechnic/1999/N5a32_full.pdf  |z Цветная версия без потери качества 
942 |c CF